| 000 | 00421cam a2200169ua 4500 | ||
|---|---|---|---|
| 020 |
_a0 412 25930 3 _c7.95 |
||
| 041 |
_aeng _h |
||
| 082 |
_a631.521 _bPEN/SE |
||
| 100 | _aFenner, Michael . | ||
| 245 |
_aSeed ecology / _cMichael Fenner. _hTextual Documents |
||
| 260 |
_aLondon : _bChapman and Hall Ltd , _c1985. |
||
| 300 | _a150 ; . | ||
| 365 | _a7.95 | ||
| 504 | _a | ||
| 942 | _cBK | ||
| 999 |
_c2681 _d2681 |
||